A study of children with developmental delay/mental retardation at UMMC Genetics Clinic : aetiology and utilization of health care services /
محفوظ في:
| المؤلف الرئيسي: | |
|---|---|
| التنسيق: | أطروحة كتاب |
| اللغة: | English |
| منشور في: |
2010.
|
| الموضوعات: | |
| الوسوم: |
إضافة وسم
لا توجد وسوم, كن أول من يضع وسما على هذه التسجيلة!
|
| LEADER | 01161cam a2200289 a 4500 | ||
|---|---|---|---|
| 001 | u794654 | ||
| 003 | SIRSI | ||
| 005 | 201007160922 | ||
| 008 | 100716s2010 my t 000 0 eng m | ||
| 040 | |a UMP | ||
| 043 | |a a-my-wp | ||
| 096 | |a WS200 |b UM 2010 Ngr | ||
| 100 | 1 | |a Ng, Ruey Terng. | |
| 245 | 1 | 2 | |a A study of children with developmental delay/mental retardation at UMMC Genetics Clinic : |b aetiology and utilization of health care services / |c Ng Ruey Terng. |
| 260 | |c 2010. | ||
| 300 | |a viii, 84 leaves, : |b ill. ; |c 30cm. | ||
| 502 | |a Dissertation (M.Paed) -- Department of Paediatrics, Faculty of Medicine, University of Malaya, 2010. | ||
| 504 | |a Bibliography: leaves 73-84. | ||
| 650 | 1 | 2 | |a Developmental Disabilities |z Kuala Lumpur (W.P.). |
| 650 | 2 | 2 | |a Mental Retardation |x genetics |z Kuala Lumpur (W.P.). |
| 650 | 2 | 2 | |a Child |z Kuala Lumpur (W.P.). |
| 650 | 2 | 2 | |a Infant |z Kuala Lumpur (W.P.). |
| 650 | 2 | 2 | |a Delivery of Health Care |z Kuala Lumpur (W.P.). |
| 710 | 2 | 0 | |a Universiti Malaya. |b Jabatan Pediatrik. |
| 900 | |a RAH | ||
| 596 | |a 2 | ||
| 999 | |a WS200 UM 2010 NGR |w NLM |c 1 |i A514328086 |d 17/8/2010 |f 17/8/2010 |g 1 |l TESIS |m P02MEDKL |r Y |s Y |t TESIS |u 17/8/2010 | ||
